| 000 | 00368nam a2200133 a 4500 | ||
|---|---|---|---|
| 005 | 20140513081051.0 | ||
| 008 | 020606s19uu xx 00 eng d | ||
| 050 |
_aP 331.7 _bOCC 2001 |
||
| 245 |
_aOccupation : _bwhat will I be. |
||
| 260 |
_aQuezon City : _bMabuhay Educational Center, Inc, _c2001. |
||
| 440 | _aTeacher's choice | ||
| 650 | _aPosters | ||
| 999 |
_c116328 _d116328 |
||